|
|
|
|
| LEADER |
00000nam a2200000 a 4500 |
| 001 |
vtls001371785 |
| 003 |
SK-MaSNL |
| 005 |
20260302000532.0 |
| 008 |
240318sm y0 xo 0 und |
| 035 |
|
|
|a SNK000325607
|
| 040 |
|
|
|a SNK
|b slo
|c SNK
|e AACR2
|
| 044 |
|
|
|a xo
|c SK
|
| 100 |
1 |
|
|a Kristensen, Johannes
|4 aut
|9 635257
|
| 245 |
1 |
0 |
|a Nohavičky a spôsob ich výroby. A 61F 13/72
|
| 260 |
|
|
|a Banská Bystrica
|b Úrad priemyselného vlastníctva SR
|c 1999
|
| 300 |
|
|
|a 10 s.
|
| 999 |
|
|
|c 979997
|d 981927
|
| 952 |
|
|
|t P60, <04>, [BOOK], {604}
|a SNK
|b SNK
|y VYP
|7 0
|p 17A0200323
|o snkSK 279637
|i snkPS 496/99
|0 0
|1 0
|4 0
|d 1999-09-07
|l 0
|r 2005-01-02 00:00:00
|w 2026-02-24
|